A history of Europe ... (Record no. 128763)
[ view plain ]
| 000 -LEADER | |
|---|---|
| fixed length control field | 00975cam a22002651 4500 |
| 001 - CONTROL NUMBER | |
| control field | 10184348 |
| 003 - CONTROL NUMBER IDENTIFIER | |
| control field | ARRUPE |
| 005 - DATE AND TIME OF LATEST TRANSACTION | |
| control field | 20190110115830.0 |
| 008 - FIXED-LENGTH DATA ELEMENTS--GENERAL INFORMATION | |
| fixed length control field | 740311s1939 mauabj b 000 0 eng |
| 010 ## - LIBRARY OF CONGRESS CONTROL NUMBER | |
| LC control number | 39008302 |
| 035 ## - SYSTEM CONTROL NUMBER | |
| System control number | (OCoLC)826143 |
| 040 ## - CATALOGING SOURCE | |
| Original cataloging agency | DLC |
| Transcribing agency | ODaU |
| Modifying agency | OCoLC |
| -- | DLC |
| 042 ## - AUTHENTICATION CODE | |
| Authentication code | premarc |
| 050 00 - LIBRARY OF CONGRESS CALL NUMBER | |
| Classification number | SPC. D102 |
| Item number | .F56 1960 |
| 082 ## - DEWEY DECIMAL CLASSIFICATION NUMBER | |
| Classification number | 940 |
| 300 ## - PHYSICAL DESCRIPTION | |
| Dimensions | 19cm. |
| 100 1# - MAIN ENTRY--PERSONAL NAME | |
| Personal name | Fisher, H. A. L. |
| Fuller form of name | (Herbert Albert Laurens), |
| Dates associated with a name | 1865-1940. |
| 9 (RLIN) | 43960 |
| 245 12 - TITLE STATEMENT | |
| Title | A history of Europe ... |
| Statement of responsibility, etc | by H.A.L. Fisher ... |
| Remainder of title | from the beginning of the 18th century to 1935 |
| 250 ## - EDITION STATEMENT | |
| Edition statement | vol. 2 |
| 260 ## - PUBLICATION, DISTRIBUTION, ETC. (IMPRINT) | |
| Place of publication, distribution, etc | Cambridge, |
| Name of publisher, distributor, etc | Collins, |
| Date of publication, distribution, etc | 1960. |
| 300 ## - PHYSICAL DESCRIPTION | |
| Extent | 1376p. ; |
| 504 ## - BIBLIOGRAPHY, ETC. NOTE | |
| Bibliography, etc | "Books which may be consulted" at end of most of the chapters. |
| 651 #0 - SUBJECT ADDED ENTRY--GEOGRAPHIC NAME | |
| Geographic name | Europe |
| General subdivision | History. |
| 9 (RLIN) | 43961 |
| 906 ## - LOCAL DATA ELEMENT F, LDF (RLIN) | |
| a | 7 |
| b | cbc |
| c | oclcrpl |
| d | u |
| e | ncip |
| f | 19 |
| g | y-gencatlg |
| 942 ## - ADDED ENTRY ELEMENTS (KOHA) | |
| Source of classification or shelving scheme | Library of Congress Classification |
| Koha item type | SPC |
| Withdrawn status | Lost status | Source of classification or shelving scheme | Damaged status | Not for loan | Collection code | Home library | Current library | Shelving location | Date acquired | Total Checkouts | Full call number | Barcode | Date last seen | Price effective from | Koha item type |
|---|---|---|---|---|---|---|---|---|---|---|---|---|---|---|---|
| Library of Congress Classification | SPECIAL Collection | ARRUPE LIBRARY | ARRUPE LIBRARY | REFERENCE | 10/01/2019 | SPC. D102 .F56 1960 | 46600002801 | 10/01/2019 | 10/01/2019 | SPC |